Top 15 Personnages les Plus Forts de Kuroko's Basketball - Statistiques

Statistiques générales
  • Ce quiz a été pris 340 fois
  • Le résultat moyen est 9 sur 15
Statistiques - réponses
Rank Réponse % Correct
7 Kagami Taiga
98%
5 Aomine Daiki
97%
1 Akashi Seijuro
94%
6 Kise Ryota
93%
8 Midorima Shintaro
93%
3 Murasakibara Atsushi
90%
2 Nash Gold Jr.
61%
4 Jason Silver
59%
10 Kiyoshi Teppei
48%
9 Himuro Tatsuya
39%
12 Mibuchi Reo
30%
15 Hanamiya Makoto
29%
13 Haizaki Shogo
28%
11 Hayama Kotaro
28%
14 Nebuya Eikichi
26%
Aucun quiz correspondant
Distribution des résultats
% des personnes avec chaque résultat
Percentile par nombre de réponses
Votre historique - résultats
Vous n’avez pas pris ce quiz